| 000 | 00380nam a2200133Ia 4500 | ||
|---|---|---|---|
| 005 | 20260326235454.0 | ||
| 008 | 260326s9999||||xx |||||||||||||| ||und|| | ||
| 100 | _aWilson, Bronwen | ||
| 245 | 4 |
_aThe World in Venice : _b Print, the City, and early Modern identity / _cBronwen Wilson |
|
| 260 | _bUniversity of Toronto Press | ||
| 300 | _a406 p. | ||
| 650 | _aHISTORIA | ||
| 942 | _cBK | ||
| 999 |
_c7864 _d7864 |
||